Induction of heat shock proteins DnaK, GroEL, GroES by salt stress in Lactococcus lactis /
Saved in:
| Other Authors: | , , , |
|---|---|
| Format: | Article |
| Language: | English |
| Subjects: | |
| Tags: |
Add Tag
No Tags, Be the first to tag this record!
|
| Institutions: | Thư viện Trường Đại học Đà Lạt |
|---|
| LEADER | 01045nam a2200349 4500 | ||
|---|---|---|---|
| 001 | DLU090096538 | ||
| 005 | ##20091201 | ||
| 040 | # | # | |a DLU |b eng |
| 041 | # | # | |a eng |
| 044 | # | # | |a us |
| 245 | # | # | |a Induction of heat shock proteins DnaK, GroEL, GroES by salt stress in Lactococcus lactis / |c M. Kilstrup ... [et al.]. |
| 653 | # | # | |a Aminoacid sequence |
| 653 | # | # | |a Bacteria |
| 653 | # | # | |a Biosynthesis |
| 653 | # | # | |a Environmental factor |
| 653 | # | # | |a Lactococcus lactis |
| 653 | # | # | |a Microorganism culture |
| 653 | # | # | |a Salinity |
| 700 | # | # | |a Hammer, K. |
| 700 | # | # | |a Jacobsen, S. |
| 700 | # | # | |a Kilstrup, M. |
| 700 | # | # | |a Vogensen, F. K. |
| 773 | # | # | |t Applied and Environmental Microbiology |g Vol. 63, no. 5 (May 1997), p. 1826-1837 |
| 920 | # | # | |a Phòng Tạp chí -- Trung tâm Thông tin - Thư viện Trường Đại học Đà Lạt |
| 994 | # | # | |a DLU |
| 900 | # | # | |a True |
| 911 | # | # | |a Trương Bảo Trâm Anh |
| 925 | # | # | |a G |
| 926 | # | # | |a A |
| 927 | # | # | |a BB |
| 980 | # | # | |a Thư viện Trường Đại học Đà Lạt |